| 000 | 00951nas a2200277 4500 | ||
|---|---|---|---|
| 001 | BR8801027 | ||
| 003 | BR-BrBNA | ||
| 005 | 20231205091036.0 | ||
| 007 | ta | ||
| 008 | 230509b bl.|||p| |||| 00| 00por d | ||
| 040 |
_aBR-BrBNA _bpor _cBiblioteca Nacional de Agricultura |
||
| 041 | _a(Pt) | ||
| 072 | _aF04 | ||
| 100 | 1 | _aPombo, L.C.A. | |
| 100 | 1 | _aSalgado, V. | |
| 100 | 1 | _aVolkweiss, S. | |
| 100 | 1 | _aKlant, E. | |
| 245 | 1 | _aEfeito da incorporacao de residuos industriais aos solos no desenvolvimento do Sorgo sacarino (Sorghum bicolor L. Moench) | |
| 246 | 1 | _a[Effect of wastes' incorporation to soil in the development of sugar sorghum (Sorghum bicolar L. Moench)] | |
| 650 | _aSORGO ACUCAREIRO | ||
| 650 | _aADUBACAO | ||
| 650 | _aRESIDUO INDUSTRIAL | ||
| 773 | 0 |
_tAgronomia Sulriograndense (Brazil) _xISSN 0400-8111 _g(1986), v. 22(2) p. 157-168 _wBR8801027 |
|
| 909 |
_a202311 _bLúcia _c55 _dLúcia Elande |
||
| 942 |
_2AGRIS _n0 _cANA |
||
| 999 |
_c122370 _d122370 |
||